[Event "Mar del Plata zt 2.5"]
[Site "Mar del Plata"]
[Date "2001.08.25"]
[Round "10"]
[White "Tempone, Marcelo"]
[Black "Rodriguez Vila, Andres"]
[Result "0-1"]
[WhiteElo "2437"]
[BlackElo "2504"]
[PlyCount "122"]
[EventDate "2001.08.25"]
[EventType "tourn"]
[EventRounds "10"]
[EventCountry "ARG"]
[EventCategory "6"]
[SourceTitle "EXT 2002"]
[Source "ChessBase"]
[SourceDate "2001.11.25"]
[SourceVersion "1"]
[SourceVersionDate "2001.11.25"]
[SourceQuality "1"]

1. c4 f5 2. Nc3 Nf6 3. g3 g6 4. Bg2 Bg7 5. d3 e5 6. e4 d6 7. Nge2 O-O 8. h3 Nh5
9. exf5 gxf5 10. O-O f4 11. Nxf4 Nxf4 12. gxf4 Qh4 13. fxe5 Bxh3 14. f4 dxe5
15. Qf3 Bxg2 16. Kxg2 exf4 17. Bxf4 Nc6 18. Qg3 Qxg3+ 19. Bxg3 Ne5 20. Rxf8+
Rxf8 21. Rd1 Rd8 22. Bxe5 Bxe5 23. Rd2 Kf7 24. Ne4 Kg6 25. b4 h5 26. Kh3 c6 27.
a4 b6 28. c5 Rd4 29. cxb6 axb6 30. a5 Rxb4 31. axb6 Rxb6 32. Rc2 Kf5 33. Kh4
Kf4 34. Kxh5 Ke3 35. Nc5 Bd4 36. Nd7 Rb7 37. Rxc6 Rxd7 38. Kg4 Kxd3 39. Kf5
Rd5+ 40. Ke6 Ke4 41. Rc1 Rh5 42. Re1+ Be3 43. Rf1 Rh8 44. Re1 Rh6+ 45. Kd7 Kd4
46. Rd1+ Kc5 47. Ke7 Bd4 48. Rf1 Kd5 49. Kf7 Rh7+ 50. Kg8 Rg7+ 51. Kf8 Ra7 52.
Kg8 Ke6 53. Re1+ Kf6 54. Rf1+ Kg6 55. Kf8 Bf6 56. Rg1+ Kf5 57. Rf1+ Ke6 58.
Re1+ Be5 59. Kg8 Rg7+ 60. Kf8 Rh7 61. Rg1 Ra7 0-1

[Event "Mar del Plata zt 2.5"]
[Site "Mar del Plata"]
[Date "2001.08.25"]
[Round "11"]
[White "Rodriguez Vila, Andres"]
[Black "Cristobal, Ruben"]
[Result "1/2-1/2"]
[WhiteElo "2504"]
[BlackElo "2342"]
[PlyCount "140"]
[EventDate "2001.08.25"]
[EventType "tourn"]
[EventRounds "10"]
[EventCountry "ARG"]
[EventCategory "6"]
[SourceTitle "EXT 2002"]
[Source "ChessBase"]
[SourceDate "2001.11.25"]
[SourceVersion "1"]
[SourceVersionDate "2001.11.25"]
[SourceQuality "1"]

1. e4 Nc6 2. Nf3 d6 3. c3 Nf6 4. d4 Bg4 5. Bb5 a6 6. Ba4 b5 7. Bc2 e5 8. Be3 d5
9. exd5 Qxd5 10. Bb3 Qd6 11. dxe5 Nxe5 12. Qxd6 Bxd6 13. Nxe5 Bxe5 14. O-O O-O
15. Re1 Rfe8 16. Nd2 Bd6 17. a4 Nd7 18. Bd5 Rab8 19. Ba7 Rbd8 20. Ne4 Nf6 21.
Bc6 Bd7 22. Bxd7 Nxd7 23. Nxd6 cxd6 24. Kf1 Kf8 25. Rxe8+ Rxe8 26. Rd1 Ra8 27.
Be3 Ke7 28. Bf4 Ne5 29. axb5 axb5 30. Rd5 Rb8 31. Bxe5 dxe5 32. Rxe5+ Kd6 33.
Rh5 h6 34. Ke2 Kc6 35. Rf5 f6 36. Rf3 Ra8 37. Kd3 Rd8+ 38. Kc2 Rd5 39. Rg3 Rd7
40. Rg6 Kd5 41. h4 h5 42. Rg3 Ke6 43. Rd3 Rc7 44. Kb3 Rc5 45. Rd8 g5 46. hxg5
fxg5 47. Rh8 h4 48. f4 gxf4 49. Rxh4 Rf5 50. Kb4 Kd6 51. b3 Kc6 52. Rh6+ Kc7
53. Re6 Kb7 54. Rd6 Kc7 55. Ra6 Kb7 56. Ra5 Kc6 57. c4 Rg5 58. Rxb5 Rxg2 59.
Rf5 Rg4 60. Rd5 Rg8 61. Rf5 Rg4 62. Rf6+ Kd7 63. Kb5 Ke7 64. Ra6 f3 65. Ra1 f2
66. Rf1 Rf4 67. Kc5 Kd7 68. b4 Kc7 69. b5 Kb7 70. Kd5 Kb6 1/2-1/2

[Event "Buenos Aires Boca op"]
[Site "Buenos Aires"]
[Date "2001.09.18"]
[Round "2"]
[White "Rodriguez Vila, Andres"]
[Black "Fiorito, Fabian"]
[Result "1/2-1/2"]
[WhiteElo "2504"]
[BlackElo "2386"]
[PlyCount "62"]
[EventDate "2001.09.17"]
[EventType "swiss"]
[EventRounds "9"]
[EventCountry "ARG"]
[SourceTitle "CBM 084 Extra"]
[Source "ChessBase"]
[SourceDate "2001.10.26"]
[SourceVersion "1"]
[SourceVersionDate "2001.10.26"]
[SourceQuality "1"]

1. e4 e5 2. Nf3 Nf6 3. Nc3 Nc6 4. Bc4 Nxe4 5. Nxe4 d5 6. Bd3 dxe4 7. Bxe4 Bd6
8. d4 exd4 9. Bxc6+ bxc6 10. Qxd4 O-O 11. O-O c5 12. Qd3 h6 13. Qc3 Bb7 14. b3
Qd7 15. Bb2 f6 16. Rad1 Rfe8 17. h3 Qf5 18. Qc4+ Kh7 19. Nh4 Qe4 20. Qxe4+ Rxe4
21. Nf5 Re2 22. Ne3 Re8 23. Bc1 Be5 24. Rfe1 Rxe1+ 25. Rxe1 Bd4 26. Bd2 Rd8 27.
Ba5 Rd7 28. Nc4 f5 29. Ne5 Re7 30. Nd3 Rxe1+ 31. Nxe1 Be5 1/2-1/2

[Event "Buenos Aires Boca op"]
[Site "Buenos Aires"]
[Date "2001.09.19"]
[Round "3"]
[White "Rosito, Jorge"]
[Black "Rodriguez Vila, Andres"]
[Result "0-1"]
[WhiteElo "2400"]
[BlackElo "2504"]
[PlyCount "86"]
[EventDate "2001.09.17"]
[EventType "swiss"]
[EventRounds "9"]
[EventCountry "ARG"]
[SourceTitle "CBM 084 Extra"]
[Source "ChessBase"]
[SourceDate "2001.10.26"]
[SourceVersion "1"]
[SourceVersionDate "2001.10.26"]
[SourceQuality "1"]

1. e4 e6 2. d3 d5 3. Qe2 Nf6 4. Nf3 Bc5 5. e5 Nfd7 6. g3 O-O 7. Bg2 f5 8. O-O
h6 9. c4 dxc4 10. dxc4 Nc6 11. Rd1 Rf7 12. Nc3 Qf8 13. a3 a5 14. Nb5 Bb6 15. b3
Nc5 16. Rb1 Ne4 17. Be3 Na7 18. Rbc1 Nxb5 19. cxb5 Qxa3 20. Bxb6 cxb6 21. Nd4
Nc5 22. Nc2 Qb2 23. Rb1 Qc3 24. Nd4 Bd7 25. Qa2 Qb4 26. Qe2 Be8 27. Qe3 Bxb5
28. Ne2 Qg4 29. Bf3 Qg6 30. Nd4 f4 31. Qe1 Bd3 32. Rb2 Rd8 33. Qc3 fxg3 34.
hxg3 Rxd4 35. Qxd4 Rxf3 36. Qh4 Kh7 37. b4 Ne4 38. bxa5 bxa5 39. Kg2 Qf5 40. g4
Qf4 41. Re1 a4 42. Re3 Rxe3 43. fxe3 Qxe3 0-1

[Event "Buenos Aires Boca op"]
[Site "Buenos Aires"]
[Date "2001.09.21"]
[Round "5"]
[White "Giaccio, Alfredo Gustavo"]
[Black "Rodriguez Vila, Andres"]
[Result "1/2-1/2"]
[WhiteElo "2458"]
[BlackElo "2504"]
[PlyCount "53"]
[EventDate "2001.09.17"]
[EventType "swiss"]
[EventRounds "9"]
[EventCountry "ARG"]
[SourceTitle "CBM 084 Extra"]
[Source "ChessBase"]
[SourceDate "2001.10.26"]
[SourceVersion "1"]
[SourceVersionDate "2001.10.26"]
[SourceQuality "1"]

1. e4 e6 2. d4 d5 3. Nc3 Bb4 4. exd5 exd5 5. Bd3 Ne7 6. Qh5 c5 7. Nf3 Nd7 8.
Ng5 g6 9. Qf3 O-O 10. O-O cxd4 11. Nxd5 Nxd5 12. Qxd5 Nc5 13. Bc4 Ne6 14. Rd1
Be7 15. h4 Qxd5 16. Bxd5 Rd8 17. Bf3 Nxg5 18. Bxg5 Bxg5 19. hxg5 Bf5 20. Rd2
Rac8 21. Rc1 b6 22. a3 Rc5 23. Be2 Kg7 24. f3 d3 25. c3 Rcd5 26. Bf1 Be6 27.
Rcd1 1/2-1/2

[Event "Buenos Aires Boca op"]
[Site "Buenos Aires"]
[Date "2001.09.28"]
[Round "9"]
[White "Podesta, Dardo Ariel"]
[Black "Rodriguez Vila, Andres"]
[Result "0-1"]
[WhiteElo "2199"]
[BlackElo "2504"]
[PlyCount "120"]
[EventDate "2001.09.17"]
[EventType "swiss"]
[EventRounds "9"]
[EventCountry "ARG"]
[SourceTitle "CBM 084 Extra"]
[Source "ChessBase"]
[SourceDate "2001.10.26"]
[SourceVersion "1"]
[SourceVersionDate "2001.10.26"]
[SourceQuality "1"]

1. e4 e6 2. d4 d5 3. Nc3 Bb4 4. a3 Bxc3+ 5. bxc3 dxe4 6. Qg4 Nf6 7. Qxg7 Rg8 8.
Qh6 b6 9. Bb2 Nbd7 10. h3 Bb7 11. O-O-O Qe7 12. Ne2 O-O-O 13. c4 e5 14. dxe5
Nxe5 15. Rxd8+ Rxd8 16. Qf4 Nfd7 17. Ng3 Ng6 18. Qe3 Qe6 19. Be2 f5 20. Nh5
Nge5 21. Nf4 Qf7 22. Qd4 Ba6 23. Qd5 Qxd5 24. cxd5 Bxe2 25. Nxe2 Nc4 26. Nf4
Nc5 27. Bd4 Nxa3 28. g4 Nb5 29. Bf6 Rg8 30. g5 Nd7 31. Be7 Rg7 32. Bf6 Nxf6 33.
gxf6 Rf7 34. Nh5 Nc3 35. Nf4 Rxf6 36. Rg1 Rd6 37. Rg7 Rd7 38. Rg5 Nxd5 39. Rxf5
Nc3 40. h4 a5 41. h5 a4 42. Kb2 Nd1+ 43. Ka3 Nxf2 44. Nd5 Ng4 45. Kxa4 e3 46.
Nc3 Rd2 47. Rf8+ Kd7 48. Rf7+ Ke6 49. Rxh7 Rxc2 50. Kb3 e2 51. Nxe2 Rxe2 52.
Rxc7 Kd6 53. Rb7 Kc5 54. Rg7 Re3+ 55. Kb2 Nf6 56. h6 Rh3 57. Rg5+ Nd5 58. Rg6
b5 59. Kc2 b4 60. Kb2 Nb6 0-1

[Event "Clarin Cup"]
[Site "Villa Martelli"]
[Date "2001.10.30"]
[Round "5"]
[White "Rodriguez Vila, Andres"]
[Black "Labollita, Martin"]
[Result "1/2-1/2"]
[WhiteElo "2464"]
[BlackElo "2396"]
[PlyCount "91"]
[EventDate "2001.10.26"]
[EventType "swiss"]
[EventRounds "9"]
[EventCountry "ARG"]
[SourceTitle "EXT 2002"]
[Source "ChessBase"]
[SourceDate "2001.11.25"]
[SourceVersion "1"]
[SourceVersionDate "2001.11.25"]
[SourceQuality "1"]

1. e4 c6 2. d4 d5 3. Nd2 dxe4 4. Nxe4 Nd7 5. Nf3 Ngf6 6. Ng3 e6 7. c3 Be7 8.
Bd3 O-O 9. O-O c5 10. Ne5 cxd4 11. cxd4 Nd5 12. f4 f5 13. Nf3 Bd6 14. Ne2 a6
15. Qb3 b5 16. Bd2 N7f6 17. a4 b4 18. Rae1 Bb7 19. Ne5 Re8 20. Kh1 Bf8 21. Ng1
Qa5 22. Nc4 Qc7 23. Rc1 Rac8 24. Nf3 Ne4 25. Bxe4 fxe4 26. Ng5 Nf6 27. Ne3 Qd6
28. Rxc8 Bxc8 29. f5 Qxd4 30. Nxe6 Bxe6 31. fxe6 Qd3 32. Qd1 Rxe6 33. Qc1 Re5
34. h3 Bc5 35. Rxf6 gxf6 36. Ng4 e3 37. Nxe5 fxe5 38. Be1 Qd4 39. Bg3 e4 40.
Kh2 a5 41. h4 Kf7 42. Qf1+ Ke6 43. Qf4 Bd6 44. Qg4+ Ke7 45. Qg5+ Ke6 46. Qg4+
1/2-1/2

[Event "Clarin Cup"]
[Site "Villa Martelli"]
[Date "2001.10.31"]
[Round "6"]
[White "Giaccio, Alfredo Gustavo"]
[Black "Rodriguez Vila, Andres"]
[Result "1-0"]
[WhiteElo "2463"]
[BlackElo "2464"]
[PlyCount "57"]
[EventDate "2001.10.26"]
[EventType "swiss"]
[EventRounds "9"]
[EventCountry "ARG"]
[SourceTitle "EXT 2002"]
[Source "ChessBase"]
[SourceDate "2001.11.25"]
[SourceVersion "1"]
[SourceVersionDate "2001.11.25"]
[SourceQuality "1"]

1. e4 e6 2. d4 d5 3. e5 c5 4. c3 Nc6 5. Nf3 Bd7 6. Be2 f6 7. O-O Qc7 8. Re1
O-O-O 9. Bf4 Nge7 10. Qd2 Ng6 11. Bg3 f5 12. h4 Be7 13. h5 Nf8 14. dxc5 Bxc5
15. b4 Be7 16. Na3 Rg8 17. Nb5 Qb8 18. Nd6+ Bxd6 19. exd6 b5 20. a4 a6 21. axb5
axb5 22. Nd4 Qb6 23. Bxb5 Nxd4 24. Ba6+ Kb8 25. cxd4 g6 26. Qc3 Qc6 27. Qxc6
Bxc6 28. d7+ Ka7 29. Bc7 1-0

[Event "Clarin Cup"]
[Site "Villa Martelli"]
[Date "2001.11.02"]
[Round "8"]
[White "Albarran, Gustavo Eduardo"]
[Black "Rodriguez Vila, Andres"]
[Result "0-1"]
[WhiteElo "2255"]
[BlackElo "2464"]
[PlyCount "84"]
[EventDate "2001.10.26"]
[EventType "swiss"]
[EventRounds "9"]
[EventCountry "ARG"]
[SourceTitle "EXT 2002"]
[Source "ChessBase"]
[SourceDate "2001.11.25"]
[SourceVersion "1"]
[SourceVersionDate "2001.11.25"]
[SourceQuality "1"]

1. d4 f5 2. Bg5 h6 3. Bh4 g5 4. e3 Nf6 5. Bg3 d6 6. h4 g4 7. h5 Nc6 8. Bb5 Bd7
9. Ne2 a6 10. Ba4 b5 11. Bb3 Na5 12. Nf4 Nxb3 13. axb3 Qb8 14. Nc3 Qb7 15. Qd3
b4 16. Nce2 Bg7 17. Ng6 Rg8 18. Nef4 e6 19. Qc4 Kf7 20. Ra5 Rge8 21. O-O Bb5
22. Qxb4 c5 23. dxc5 dxc5 24. Qxc5 Bxf1 25. Kxf1 Rac8 26. Qd6 Rxc2 27. Kg1 Ne4
28. Qxa6 Qxa6 29. Rxa6 Rc1+ 30. Kh2 Nd2 31. Ra7+ Kg8 32. Bh4 Nf1+ 33. Kg1 Nxe3+
34. Kh2 Nf1+ 35. Kg1 g3 36. Ne2 Rb1 37. fxg3 Ne3+ 38. Nc1 Rxc1+ 39. Kf2 Bd4 40.
Rd7 Rc2+ 41. Kg1 Ng4+ 42. Kf1 Bc5 0-1

[Event "Clarin Cup"]
[Site "Villa Martelli"]
[Date "2001.11.03"]
[Round "9"]
[White "Rodriguez Vila, Andres"]
[Black "Martinez Martin, David"]
[Result "1-0"]
[WhiteElo "2464"]
[BlackElo "2327"]
[PlyCount "47"]
[EventDate "2001.10.26"]
[EventType "swiss"]
[EventRounds "9"]
[EventCountry "ARG"]
[SourceTitle "EXT 2002"]
[Source "ChessBase"]
[SourceDate "2001.11.25"]
[SourceVersion "1"]
[SourceVersionDate "2001.11.25"]
[SourceQuality "1"]

1. e4 c5 2. Nc3 Nc6 3. g3 g6 4. Bg2 Bg7 5. f4 d6 6. d3 e6 7. Nf3 Nge7 8. Be3 b6
9. O-O Ba6 10. g4 d5 11. exd5 exd5 12. f5 O-O 13. Ng5 d4 14. f6 Bxf6 15. Rxf6
dxe3 16. Qf3 Qd4 17. Rxf7 Ne5 18. Rxf8+ Rxf8 19. Qxf8+ Kxf8 20. Ne6+ Ke8 21.
Nxd4 cxd4 22. Ne2 N7c6 23. Rf1 g5 24. Rf5 1-0

[Event "Villa Martelli CA-ch"]
[Site "Villa Martelli"]
[Date "2001.??.??"]
[Round "1"]
[White "Rodriguez Vila, Andres"]
[Black "Zuriel, Alejandro"]
[Result "1-0"]
[WhiteElo "2482"]
[BlackElo "2226"]
[PlyCount "53"]
[EventDate "2001.12.04"]
[EventType "swiss"]
[EventRounds "9"]
[EventCountry "ARG"]
[EventCategory "2"]
[SourceTitle "EXT 2003"]
[Source "ChessBase"]
[SourceDate "2002.11.25"]
[SourceVersion "1"]
[SourceVersionDate "2002.11.25"]
[SourceQuality "1"]

1. e4 c5 2. Nc3 Nc6 3. g3 g6 4. Bg2 Bg7 5. f4 d6 6. d3 e5 7. Nh3 Nge7 8. O-O
Nd4 9. f5 gxf5 10. Bg5 f6 11. Qh5+ Kd7 12. exf5 Qe8 13. Qg4 Qf7 14. Be3 h5 15.
Qe4 Bh6 16. Bxd4 cxd4 17. Nb5 d5 18. Qe1 Nc6 19. c3 a6 20. Na3 b5 21. c4 Rb8
22. Bxd5 Qe8 23. cxb5 Be3+ 24. Qxe3 dxe3 25. Bxc6+ Ke7 26. Bxe8 Rxe8 27. Rae1
1-0

[Event "Villa Martelli CA-ch"]
[Site "Villa Martelli"]
[Date "2001.??.??"]
[Round "2"]
[White "Rodriguez Vila, Andres"]
[Black "Valerga, Diego"]
[Result "1/2-1/2"]
[WhiteElo "2464"]
[BlackElo "2486"]
[PlyCount "21"]
[EventDate "2001.12.04"]
[EventType "swiss"]
[EventRounds "9"]
[EventCountry "ARG"]
[EventCategory "2"]
[SourceTitle "EXT 2003"]
[Source "ChessBase"]
[SourceDate "2002.11.25"]
[SourceVersion "1"]
[SourceVersionDate "2002.11.25"]
[SourceQuality "1"]

1. e4 c5 2. Nf3 d6 3. d4 cxd4 4. Nxd4 Nf6 5. Nc3 a6 6. g3 e6 7. Bg2 Be7 8. O-O
O-O 9. a4 Qc7 10. a5 Nc6 11. Nb3 1/2-1/2

[Event "Villa Martelli CA-ch"]
[Site "Villa Martelli"]
[Date "2001.??.??"]
[Round "3"]
[White "Zuriel, Marisa"]
[Black "Rodriguez Vila, Andres"]
[Result "0-1"]
[WhiteElo "2202"]
[BlackElo "2504"]
[PlyCount "110"]
[EventDate "2001.12.04"]
[EventType "swiss"]
[EventRounds "9"]
[EventCountry "ARG"]
[EventCategory "2"]
[SourceTitle "EXT 2003"]
[Source "ChessBase"]
[SourceDate "2002.11.25"]
[SourceVersion "1"]
[SourceVersionDate "2002.11.25"]
[SourceQuality "1"]

1. e4 c5 2. Nf3 Nc6 3. d4 cxd4 4. Nxd4 Qb6 5. Nb3 Nf6 6. Nc3 e6 7. Bd3 a6 8.
O-O Be7 9. Kh1 Qc7 10. f4 d6 11. a4 b6 12. Be3 O-O 13. Qf3 Re8 14. Rae1 Rb8 15.
Qg3 g6 16. Rf3 Bb7 17. Qh3 Nb4 18. Rg3 Bf8 19. Qh4 Bg7 20. Rh3 h5 21. Rf1 Ng4
22. Bg1 Ba8 23. f5 exf5 24. exf5 Nxd3 25. Rxd3 Bxc3 26. Rxc3 Re2 27. Rff3 Bxf3
28. gxf3 Qb7 29. fxg6 fxg6 30. Nd4 Ree8 31. Qg5 Kh7 32. Nc6 Rbc8 33. fxg4 Re5
34. Qf4 Rxc6 35. Qf3 Rc7 36. Qxb7 Rxb7 37. gxh5 gxh5 38. Bd4 Re4 39. Rd3 Re1+
40. Kg2 Re2+ 41. Kh3 Rxc2 42. Bc3 Rd7 43. Rd5 Kg6 44. Bd4 Rd2 45. Kg3 b5 46.
axb5 axb5 47. h4 Rd3+ 48. Kg2 b4 49. Kf2 Kf7 50. Ke2 Ke6 51. Rxd6+ Kxd6 52.
Kxd3 Kd5 53. Be3 Rc7 54. Bd2 Rc4 55. Bg5 Rg4 0-1

[Event "Villa Martelli CA-ch"]
[Site "Villa Martelli"]
[Date "2001.??.??"]
[Round "4"]
[White "Rodriguez Vila, Andres"]
[Black "Escandell Mari, Juan Carlos"]
[Result "1-0"]
[WhiteElo "2504"]
[BlackElo "2259"]
[PlyCount "81"]
[EventDate "2001.12.04"]
[EventType "swiss"]
[EventRounds "9"]
[EventCountry "ARG"]
[EventCategory "2"]
[SourceTitle "EXT 2003"]
[Source "ChessBase"]
[SourceDate "2002.11.25"]
[SourceVersion "1"]
[SourceVersionDate "2002.11.25"]
[SourceQuality "1"]

1. e4 c5 2. Nc3 e6 3. g3 d5 4. Bg2 Nf6 5. e5 Nfd7 6. f4 Nc6 7. Nf3 Be7 8. O-O
O-O 9. Kh1 f6 10. exf6 Bxf6 11. Re1 Re8 12. d3 Nf8 13. Ne5 Bd7 14. Ng4 Nd4 15.
Be3 Rc8 16. Qd2 Nf5 17. Bf2 b5 18. Nxf6+ Qxf6 19. g4 Nd4 20. Bg3 Qg6 21. Re5 h6
22. h3 b4 23. Nd1 Nc6 24. Re3 d4 25. Re2 Ne7 26. Nf2 Bc6 27. Ne4 Red8 28. Kh2
Bd5 29. Rf1 a5 30. b3 Nh7 31. Qe1 Rc6 32. Bh4 Rd7 33. Qg3 Qe8 34. f5 exf5 35.
gxf5 Qh5 36. f6 Ng6 37. Qb8+ Ngf8 38. fxg7 Rxg7 39. Ref2 Rf7 40. Ng3 Rxf2 41.
Rxf2 1-0

[Event "Villa Martelli CA-ch"]
[Site "Villa Martelli"]
[Date "2001.??.??"]
[Round "5"]
[White "Paglilla, Carlos"]
[Black "Rodriguez Vila, Andres"]
[Result "1/2-1/2"]
[WhiteElo "2381"]
[BlackElo "2504"]
[PlyCount "23"]
[EventDate "2001.12.04"]
[EventType "swiss"]
[EventRounds "9"]
[EventCountry "ARG"]
[EventCategory "2"]
[SourceTitle "EXT 2003"]
[Source "ChessBase"]
[SourceDate "2002.11.25"]
[SourceVersion "1"]
[SourceVersionDate "2002.11.25"]
[SourceQuality "1"]

1. e4 d5 2. exd5 Qxd5 3. Nc3 Qa5 4. d4 Nf6 5. Nf3 Bg4 6. h3 Bh5 7. g4 Bg6 8.
Ne5 e6 9. Bg2 Be4 10. Bxe4 Nxe4 11. Qf3 Nd6 12. O-O 1/2-1/2

[Event "Villa Martelli CA-ch"]
[Site "Villa Martelli"]
[Date "2001.??.??"]
[Round "6"]
[White "Rodriguez Vila, Andres"]
[Black "Cervetto, Esteban"]
[Result "1-0"]
[WhiteElo "2504"]
[BlackElo "2092"]
[PlyCount "45"]
[EventDate "2001.12.04"]
[EventType "swiss"]
[EventRounds "9"]
[EventCountry "ARG"]
[EventCategory "2"]
[SourceTitle "EXT 2003"]
[Source "ChessBase"]
[SourceDate "2002.11.25"]
[SourceVersion "1"]
[SourceVersionDate "2002.11.25"]
[SourceQuality "1"]

1. e4 e5 2. Nf3 Nc6 3. Bc4 Nf6 4. d3 Be7 5. O-O d6 6. Nbd2 O-O 7. a4 Kh8 8. c3
d5 9. exd5 Nxd5 10. Re1 f6 11. a5 Nf4 12. Nf1 Ng6 13. h4 Bg4 14. N1h2 Qd7 15.
a6 Rab8 16. axb7 Bc5 17. Bb5 h5 18. Qa4 Nge7 19. d4 exd4 20. cxd4 Bd6 21. Rxe7
Bxh2+ 22. Nxh2 Qxe7 23. Bxc6 1-0

[Event "Villa Martelli CA-ch"]
[Site "Villa Martelli"]
[Date "2001.??.??"]
[Round "7"]
[White "Della Morte, Pablo"]
[Black "Rodriguez Vila, Andres"]
[Result "0-1"]
[WhiteElo "2187"]
[BlackElo "2504"]
[PlyCount "70"]
[EventDate "2001.12.04"]
[EventType "swiss"]
[EventRounds "9"]
[EventCountry "ARG"]
[EventCategory "2"]
[SourceTitle "EXT 2003"]
[Source "ChessBase"]
[SourceDate "2002.11.25"]
[SourceVersion "1"]
[SourceVersionDate "2002.11.25"]
[SourceQuality "1"]

1. e4 e6 2. d4 d5 3. e5 c5 4. c3 Nc6 5. Nf3 Bd7 6. Be2 f5 7. O-O Rc8 8. c4 dxc4
9. d5 exd5 10. Qxd5 Nb4 11. Qxc4 b6 12. e6 Bc6 13. Qc3 Ne7 14. Na3 Ned5 15. Qe5
a6 16. Bg5 Qc7 17. Qxf5 Bd6 18. Nh4 g6 19. Nxg6 hxg6 20. Qxg6+ Kf8 21. Bh6+
Rxh6 22. Qxh6+ Qg7 23. Qxg7+ Kxg7 24. Bf3 Re8 25. Rad1 Rxe6 26. Nb1 c4 27. Bxd5
Nxd5 28. Rfe1 Rf6 29. Nd2 Rh6 30. g3 Nf4 31. gxf4 Rg6+ 32. Kf1 Bg2+ 33. Ke2
Re6+ 34. Ne4 Rxe4+ 35. Kd2 Bb4+ 0-1

[Event "Pinamar Masters 2nd"]
[Site "Pinamar"]
[Date "2002.03.21"]
[Round "2"]
[White "Zarnicki, Pablo Adrian"]
[Black "Rodriguez Vila, Andres"]
[Result "1/2-1/2"]
[WhiteElo "2493"]
[BlackElo "2460"]
[PlyCount "101"]
[EventDate "2002.03.21"]
[EventType "tourn"]
[EventRounds "9"]
[EventCountry "ARG"]
[EventCategory "11"]
[SourceTitle "CBM 088"]
[Source "ChessBase"]
[SourceDate "2002.03.21"]
[SourceVersion "1"]
[SourceVersionDate "2002.03.21"]
[SourceQuality "1"]

1. e4 e6 2. d4 d5 3. Nd2 Nf6 4. e5 Nfd7 5. c3 c5 6. Bd3 Nc6 7. Ne2 cxd4 8. cxd4
f6 9. exf6 Nxf6 10. Nf3 Qc7 11. O-O Bd6 12. Bg5 O-O 13. Bh4 Nh5 14. Qc2 h6 15.
Bg6 Nf4 16. Nxf4 Bxf4 17. Rfe1 Qb6 18. Rad1 Bd7 19. Qe2 Qa6 20. b4 Qxe2 21.
Rxe2 Rfc8 22. Bg3 Bxg3 23. hxg3 b5 24. Rb1 Kf8 25. Bd3 a6 26. Kf1 Ke7 27. Rd2
Kd6 28. Ke2 g5 29. g4 Rf8 30. Bg6 Rf4 31. Bh5 Re4+ 32. Kf1 Be8 33. Re2 Bxh5 34.
gxh5 Rf4 35. Rbe1 Re8 36. Rd2 Ref8 37. Re3 Nxb4 38. Ne5 Rc8 39. g3 Rff8 40. Ra3
Rc1+ 41. Kg2 Ra8 42. Rf3 Nc2 43. Rf7 Nxd4 44. f4 gxf4 45. gxf4 Rg8+ 46. Kf2 Rh1
47. Rxd4 Rh2+ 48. Kf3 Rh3+ 49. Kf2 Rh2+ 50. Kf3 Rh3+ 51. Kf2 1/2-1/2

[Event "Pinamar Masters 2nd"]
[Site "Pinamar"]
[Date "2002.03.24"]
[Round "6"]
[White "Slipak, Sergio"]
[Black "Rodriguez Vila, Andres"]
[Result "1-0"]
[WhiteElo "2498"]
[BlackElo "2460"]
[PlyCount "113"]
[EventDate "2002.03.21"]
[EventType "tourn"]
[EventRounds "9"]
[EventCountry "ARG"]
[EventCategory "11"]
[SourceTitle "CBM 088"]
[Source "ChessBase"]
[SourceDate "2002.03.21"]
[SourceVersion "1"]
[SourceVersionDate "2002.03.21"]
[SourceQuality "1"]

1. d4 d6 2. e4 Nf6 3. f3 c5 4. d5 g6 5. c4 Bg7 6. Ne2 O-O 7. Nec3 e5 8. Bg5 h6
9. Bh4 Qe8 10. g4 Nh7 11. Bd3 f5 12. Nb5 fxg4 13. Nxd6 Qd7 14. Nxc8 g5 15. Bf2
Rxf3 16. Be2 Rf4 17. Nxa7 Rxa7 18. Bxc5 Ra5 19. Be3 Rxe4 20. Qd2 Ra4 21. Nc3
Rexc4 22. Bxc4 Rxc4 23. Qd3 b5 24. b3 e4 25. Nxe4 Rxe4 26. Qxe4 Bxa1 27. O-O
Bg7 28. Qe6+ Qxe6 29. dxe6 Nc6 30. Rc1 Ne7 31. Rc7 Nd5 32. Rc8+ Bf8 33. Bc5 Kg7
34. Bxf8+ Nxf8 35. Rc5 Ne7 36. Rxb5 Nxe6 37. a4 Nc7 38. Rb7 Ned5 39. b4 Kf6 40.
b5 Ke5 41. a5 Kd6 42. Rb8 Kc5 43. b6 Na6 44. Ra8 Ndb4 45. b7 Kb5 46. b8=Q+ Nxb8
47. Rxb8+ Kxa5 48. Rh8 Kb5 49. Rxh6 Nd5 50. Rg6 Kc4 51. Rxg5 Ne3 52. Kf2 Kd4
53. Rg8 Nd1+ 54. Kg3 Ne3 55. Rd8+ Kc4 56. Kf4 Nf1 57. Rh8 1-0

[Event "Pinamar Masters 2nd"]
[Site "Pinamar"]
[Date "2002.03.26"]
[Round "9"]
[White "Rodriguez Vila, Andres"]
[Black "Mohr, Georg"]
[Result "1-0"]
[WhiteElo "2460"]
[BlackElo "2509"]
[PlyCount "71"]
[EventDate "2002.03.21"]
[EventType "tourn"]
[EventRounds "9"]
[EventCountry "ARG"]
[EventCategory "11"]
[SourceTitle "CBM 088"]
[Source "ChessBase"]
[SourceDate "2002.03.21"]
[SourceVersion "1"]
[SourceVersionDate "2002.03.21"]
[SourceQuality "1"]

1. e4 Nc6 2. d4 d5 3. exd5 Qxd5 4. Nf3 Bg4 5. Be2 e6 6. h3 Bxf3 7. Bxf3 Qd7 8.
c3 Bd6 9. O-O Nge7 10. Nd2 O-O 11. Nc4 Rad8 12. a4 a5 13. Qb3 b6 14. Re1 Nd5
15. Bd2 Rfe8 16. Rad1 Bf8 17. Bc1 Qc8 18. g3 Nb8 19. Ne5 Qa6 20. h4 c6 21. Qc2
Qb7 22. Be4 f5 23. Bf3 Nd7 24. Qb3 Nxe5 25. Rxe5 Bd6 26. Re2 Qc7 27. c4 Nb4 28.
Bg5 Rb8 29. c5 bxc5 30. dxc5 Be5 31. Rde1 Nd5 32. Qd1 h6 33. Rxe5 hxg5 34. Rxe6
Rxe6 35. Rxe6 gxh4 36. Rxc6 1-0

[Event "Villa Martelli Masters KO"]
[Site "Villa Martelli"]
[Date "2002.04.12"]
[Round "1.1"]
[White "Giaccio, Alfredo Gustavo"]
[Black "Rodriguez Vila, Andres"]
[Result "0-1"]
[WhiteElo "2517"]
[BlackElo "2460"]
[PlyCount "82"]
[EventDate "2002.04.12"]
[EventType "k.o."]
[EventRounds "3"]
[EventCountry "ARG"]
[SourceTitle "CBM 089"]
[Source "ChessBase"]
[SourceDate "2002.08.12"]
[SourceVersion "1"]
[SourceVersionDate "2002.08.12"]
[SourceQuality "1"]

1. e4 c5 2. Nf3 a6 3. c4 d6 4. d4 Bg4 5. d5 g6 6. Be2 Bg7 7. O-O Nd7 8. a4 Ngf6
9. Nc3 O-O 10. Bg5 Qa5 11. Qc2 Rfb8 12. h3 Bxf3 13. Bxf3 Qd8 14. Be2 b6 15. f4
Qf8 16. Rae1 Ra7 17. Kh1 Rab7 18. Bf3 Ne8 19. e5 dxe5 20. d6 Nxd6 21. Bxb7 Rxb7
22. fxe5 Nxe5 23. Nd5 Nc6 24. g4 f6 25. Qg2 Qc8 26. Bxf6 Nxc4 27. Nxe7+ Nxe7
28. Rxe7 Rxe7 29. Bxe7 Ne3 30. Qe4 Nxf1 31. Kg2 Nd2 32. Qd5+ Kh8 33. Bg5 Nb1
34. Qe4 Bxb2 35. Qxb1 Qc6+ 36. Kg3 Be5+ 37. Bf4 Bxf4+ 38. Kxf4 Qf6+ 39. Ke4 g5
40. Kd5 Qf7+ 41. Kc6 Qg6+ 0-1